00680pam a2200229 a 4500001000800000005001700008008004100025010001700066020001500083040001800098041000800116080001400124082001800138100000700156101000800163245006000171504003200231906004500263942001200308999001700320952011300337473334320180117034737.0840906s1985 caua b 001 0 eng  a 84020872  a0534044042 aDLCcDLCdDLC aeng a302.3 MIL00a302.3 MIL2191 a19 aPOL10aIntroduction to collective behavior /cDavid L. Miller. aBibliography: p. [325]-334. a7bcbccorignewd1eocipf19gy-gencatlg 2ddccBK c40400d40400 00102udc40708PËKGa002b002cPËKGd2018-01-17l0o302.3 MILp002-2995416r2018-01-17w2018-01-17yBK